00269nam a2200097Ia 4500008004100000082001700041100001600058245004200074260004600116300000900162210430s9999 xx 000 0 und d a821.8 H254 R aThomas ardy 4aThe Return of the NativecThomas ardy aISLAMABADbNational Book Foundationc2010 a337p